000 00650nam a2200265Ia 4500
005 20260324153205.0
008 008 260324s9999 xx 000 0 eng d
020 _a9780128008829
037 _aEBOOK
040 _aCRL
040 _beng
040 _cCRL
041 _2eng
041 _aeng
084 _qCRL
100 _aDoe, John
_91229013
245 0 _aEffective Dynamics of Stochastic Partial Differential Equations
260 _bElsevier
260 _c2014
650 _aMathematics
856 _uhttps://www.sciencedirect.com/science/book/9780128008829
942 _cEBOOK
999 _c1842116
_d1842116